Statistics for V Vocabulary Words Quiz #2

Click here to take the quiz!

General Stats

  • This quiz has been taken 29,450 times
    (20,659 since last reset)
  • The average score is 13 of 20

Answer Stats

Definition Word % Correct
Person who has never had sexVirgin
99%
Certain scavenging birdVulture
91%
Person who uses no animal productsVegan
90%
Meat of a deerVenison
90%
Material used to make recordsVinyl
88%
Bone in the spineVertebra
84%
Female fox or racy womanVixen
83%
Luxury house in the Italian countrysideVilla
75%
Measure of the "thickness" of a liquidViscosity
71%
Porch with a roofVerandah
70%
Ta-da; Presto!Voila
64%
InoculationVaccination
64%
Extremely skilled player of a musical instrumentVirtuoso
57%
The year and place in which a wine was madeVintage
57%
Rank of nobility between baron and earlViscount
51%
Whirlwind, whirlpool, eddy, etc...Vortex
49%
Manservant; Gentleman's personal gentlemanValet
49%
Lush and greenVerdant
38%
Pertaining to springVernal
34%
Garment of the clergyVestment
32%

Score Distribution

Percentile by Number Answered

Percent of People with Each Score

Your Score History

You have not taken this quiz since the last reset